000 00643nam a2200253Ia 4500
001 347
005 20240113233410.0
007 ta
008 050110s1949 g b000 u eng u
040 _aRef. stack
041 _aeng
082 _a820
_bSt 31 Am
100 _aStein, Jess .
245 0 _aRandom house American everyday dictionary /
_cJess Stein ed..
_hTextual Documents
250 _a1st ed /
260 _aNew York :
_bRandom house ,
_c1949.
300 _a570p. ;
_c23cm.
653 _aDictionary-English
653 _aRef-Dictionary
653 _aRare-English
942 _2ddc
_cBK
999 _c346
_d346